| 000 -LEADER |
| fixed length control field |
00971nam a22001097a 4500 |
| 008 - FIXED-LENGTH DATA ELEMENTS--GENERAL INFORMATION |
| fixed length control field |
160425b xxu||||| |||| 00| 0 eng d |
| 100 ## - MAIN ENTRY--AUTHOR'S NAME |
| Author's Name |
Christensen, Sten |
| 245 ## - TITLE STATEMENT |
| Title |
Denmark 2 Rigsbank-Skilling, 1851-1852 : postal history and philately |
| 260 ## - PUBLICATION, DISTRIBUTION, ETC. (IMPRINT) |
| Place of publication, distribution, etc. |
Trelleborg, Sweden |
| Name of publisher, distributor, etc. |
Trelleborg Philatelic Society |
| Date of publication, distribution, etc. |
1980 |
| 500 ## - GENERAL NOTE |
| Materials specified |
translated by H. E. Tester |
| 650 ## - TOPICAL TERM (Tag) |
| Topical term or geographic name |
Denmark | 1851 1851-1852 19th Century | Stamps -- Histories | Postal History | First Issues | Definitive Issues | Production | Engraving | Sheets and Panes | Plates and Plating | Errors and Varieties | Blocks | Paper | Watermarks | Designs | Artists and Designers | Engravers Essays and Proofs | Reissues and Reprints | Forgeries and Counterfeits | Postal Markings | Bogus and Forged | Covers | Pre-adhesive Covers | Fee Paid Mail | Postal Laws and Regulations Postal Rates | Postal Service | Locals and Private Posts Transportation of Mail | Shipping Companies and Packet Service | Maritime Mail | Bibliographies |